Cobra Kai Trivia - Statistics

General Stats
  • This quiz has been taken 1,093 times
    685 since last reset
  • The average score is 14 of 20
Answer Stats
Question Answer % Correct
What movie from the 1980s is Cobra Kai based on? The Karate Kid
99%
Who is the first kid Johnny teaches karate to? Miguel Diaz
85%
Who is Johnny's son? Robby Keene
82%
And who is the first girl the above kid goes on a date with? Samantha LaRusso
79%
What type of hairstyle does Eli get to "flip the script"? Mohawk
78%
Where does Daniel travel to reconnect with his past? Okinawa
78%
What karate dojo does Johnny open after giving up Cobra Kai? {Eagle} Fang
77%
What antagonist returns in season 4? Terry Silver
77%
What major antagonist is brought back in the second season? John Kreese
75%
What under 18 event takes place at the end of seasons 1 and 4? All Valley Tournament
74%
What business does Johnny vandalize the billboard of? LaRusso {Auto}
73%
What does the enemy not deserve? Mercy
71%
In season 5, Johnny travels to what country to find his lost student? Mexico
70%
What did Eli and his friend Demetri call themselves as younger kids? {Binary} Brothers
68%
What actor plays Daniel Larusso? Ralph Macchio
66%
What actor plays Johnny Lawrence? William Zabka
63%
What childhood enemy does he rekindle his relationship with there? Chozen Toguchi
61%
What is the global karate showdown in Barcelona called? Sekai {Taikai}
58%
What friend of Johnny dies of cancer? Tommy
37%
What California valley is the show set in? {San} {Fernando} Valley
30%
No matching quizzes found
Score Distribution
Percent of People with Each Score
Percentile by Number Answered
Your Score History
You have not taken this quiz since the last reset